Statistics for Clash Royale Cards that Speak English

Click here to take the quiz!

General Stats

  • This quiz has been taken 36 times
  • The average score is 7 of 14

Answer Stats

ElixirAnswer% Correct
4Hog Rider
74%
5Wizard
74%
4Electro Wizard
67%
7P.E.K.K.A
67%
3Princess
67%
5Archer Queen
63%
4Mini P.E.K.K.A
59%
5Ram Rider
48%
4Dark Prince
44%
4Golden Knight
44%
5Bowler
41%
4Lumberjack
37%
2The Log
33%
3Fisherman
22%

Score Distribution

Percentile by Number Answered

Percent of People with Each Score

Your Score History

You have not taken this quiz